Online Catalogue and eLibrary

The feminist challenge in the 18th century. (Record no. 164)

MARC details
000 -LEADER
fixed length control field 00404nam a22001457a 4500
005 - DATE AND TIME OF LATEST TRANSACTION
control field 20231208040640.0
008 - FIXED-LENGTH DATA ELEMENTS--GENERAL INFORMATION
fixed length control field 231208b |||||||| |||| 00| 0 eng d
082 ## - DDC Classification
DDC Edition Number 22
Class No. 305.4.
Item Number - Author Mark Kum.
100 ## - MAIN ENTRY--PERSONAL NAME
Personal name Jayawardena kumari.
245 ## - TITLE STATEMENT
Title The feminist challenge in the 18th century.
260 ## - PUBLICATION, DISTRIBUTION, ETC.
Place of publication, distribution, etc. colombo.
Name of publisher, distributor, etc. Women's educations centre.
Date of publication, distribution, etc. 1985
300 ## - PHYSICAL DESCRIPTION
Extent (e.g. Volumes, Pages etc.) 31, p.
650 ## - SUBJECT ADDED ENTRY--TOPICAL TERM
Topical term or geographic name entry element Ideological perspectives.
942 ## - Koha item type (Biblio)
Koha item type Books in Stacks (Lending)
Holdings
Lost status Damaged status Collection code Home library Current library Date acquired Full call number Accession Number Item type
    Lending WERC Library WERC Library 12/08/2023 305.4. Kum. 478 Books in Stacks (Lending)

© WERC Library